将军令 (Record no. 39018)

000 -LEADER
fixed length control field 00415nam a22001697a 4500
003 - CONTROL NUMBER IDENTIFIER
control field MPLRDC
005 - DATE AND TIME OF LATEST TRANSACTION
control field 20220104143339.0
008 - FIXED-LENGTH DATA ELEMENTS--GENERAL INFORMATION
fixed length control field 210129b ||||| |||| 00| 0 eng d
082 ## - DEWEY DECIMAL CLASSIFICATION NUMBER
Classification number 868.71 WRA-13
100 ## - MAIN ENTRY--PERSONAL NAME
Personal name 温瑞安
245 ## - TITLE STATEMENT
Title 将军令
Statement of responsibility, etc.
260 ## - PUBLICATION, DISTRIBUTION, ETC.
Place of publication, distribution, etc. 马来西亚
Name of publisher, distributor, etc. 天狼星出版社
Date of publication, distribution, etc. 1975
300 ## - PHYSICAL DESCRIPTION
Other physical details 141
490 ## - SERIES STATEMENT
Series statement 天狼星丛书. 2
650 ## - SUBJECT ADDED ENTRY--TOPICAL TERM
Topical term or geographic name entry element 马华文学
942 ## - ADDED ENTRY ELEMENTS (KOHA)
Koha item type Book
-- 868.71 WRA-13
Holdings
Withdrawn status Lost status Source of classification or shelving scheme Damaged status Not for loan Collection code Home library Current library Shelving location Date acquired Cost, normal purchase price Total Checkouts Full call number Barcode Date last seen Date last checked out Price effective from Koha item type Public note
            Malaysian Public Library, Research and Development Centre Malaysian Public Library, Research and Development Centre   10/12/2007 2.80   868.71 WRA-13 00039148 18/03/2021 31/05/2009 18/03/2021 Book mplrdc

© 2022. Malaysian Public Library, Research and Development Centre. All Right ReservedE-mailmplrdc@help.edu.my 

Powered by Koha